Gasanalytisches Praktikum /

Hlavní autor: Wagner, Georg, chemik
Jazyk: Němčina
Vydáno: Wien : Franz Deuticke, 1944
Vydání: 2. vermehrte Auflage
Témata:
Fyzický popis: 121 stran : ilustrace ; 22 cm
Knihy
Uloženo v:
LEADER 01178nam a22003257i 4500
001 001923580
003 CZ BrMZK
005 20250129092544.0
007 ta
008 250129s1944 au a er|||||||||||ger d
040 |a BOD004  |b cze  |d BOD035  |d BOA001  |e rda 
072 7 |a 543  |x Analytická chemie  |2 Konspekt  |9 10 
080 |a 543.06  |2 MRF 
080 |a (035)  |2 MRF 
100 1 |a Wagner, Georg,  |c chemik  |4 aut 
245 1 0 |a Gasanalytisches Praktikum /  |c von Georg Wagner 
250 |a 2. vermehrte Auflage 
264 1 |a Wien :  |b Franz Deuticke,  |c 1944 
300 |a 121 stran :  |b ilustrace ;  |c 22 cm 
336 |a text  |b txt  |2 rdacontent 
337 |a bez média  |b n  |2 rdamedia 
338 |a svazek  |b nc  |2 rdacarrier 
650 0 7 |a analytické metody  |7 ph174607  |2 czenas 
655 7 |a příručky  |7 fd133209  |2 czenas 
910 |a BOA001  |b 2-0178.437 
990 |a BK 
991 |b 202501 
996 7 |b 2618787575  |c 2-0178.437  |l MZK  |r Sklad / do 24 hodin  |n 0  |w 001992947  |u 000030  |a 1  |e BOA001  |j MZK50  |s A 
996 7 |b 2618787576  |c 2-0178.437  |l MZK  |r Sklad / do 24 hodin  |n 0  |w 001992947  |u 000020  |a 1  |e BOA001  |j MZK50  |s A 
996 7 |b 2618787577  |c 2-0178.437  |l MZK  |r Sklad / do 24 hodin  |n 0  |w 001992947  |u 000010  |a 1  |e BOA001  |j MZK50  |s A